| 000 | 01253cam a2200217 4500 | ||
|---|---|---|---|
| 001 | WB3838-23 | ||
| 008 | 021016n2002 000 0 eng u | ||
| 035 | _a(Sirsi) u120111 | ||
| 245 | _aFirst hazardous waste underground storage site | ||
| 260 | _c2002 | ||
| 490 |
_aRICS Environment Faculty News _v7 October 2002, (1) |
||
| 520 | _aAn adapted Cheshire mine will be the UK's first underground storage site for hazardous waste, offering a better environmental option than most surface landfills. It will comply with the EU Landfill Directive which requires hazardous waste to be processed and disposed of in dedicated landfill sites by July 2004 but allowing some stable matter - not biodegradable nor radioactive - to be stored in specially adapted underground facilities. ODPM call-in available at http://www.planning.odpm.gov.uk/callins/july2_2002/pdf/minosus.pdf: http://www.rics.org/ricscms/bin/show?class=News&template=/includes/shownews.html&id=3830&faculty=Environment&faculty=All%20Faculties | ||
| 590 | _aWB | ||
| 650 | _aHAZARDOUS WASTE | ||
| 650 | _aCHESHIRE | ||
| 650 | _aUNDERGROUND STORAGE | ||
| 650 | _aMINES | ||
| 650 | _aDIRECTIVE 99/31/EC | ||
| 690 | _aENVIRONMENTAL AND LAND CONSULTANCY-WASTE MANAGEMENT | ||
| 942 | _n0 | ||
| 999 |
_c71363 _d71363 |
||